000 00652nam a2200193Ia 4500
003 GCL
005 20240530105331.0
008 140319s9999 xx 000 0 ara d
040 _aGCL /
_cGCL
082 0 4 _a346.01
_bم ص
100 1 _aمعوض عبدالتواب
245 1 0 _aالصيغ الشرعية لدعاوى الاحوال الشخصية /
_cمعوض عبدالتواب
260 _a[S.N] :
_bدار الوفاء للطباعة والنشر والتوزيع ،
_c1988
300 _a797 ص
650 0 4 _aالقانون
650 0 4 _aالقانون المدنى
650 0 4 _aقانون الاحوال الشخصية
942 _2ddc
_cBK
999 _c55031
_d55031